000 01063nam a22002657a 4500
999 _c64533
_d64533
005 20240530110736.0
008 180415s2006 ua a g b 000 0 ara d
017 _bمصر. دار الكتب
_a2006/1427
020 _a9771804405
040 _aEG-CaGPL
_cEG-CaGPL
082 0 4 _221
_a189.16\
_bط ف
100 0 _aطه حسين
245 1 0 _aفلسفة ابن خلدون الاجتماعية :
_cتحليل ونقد /
_bوضعه بالفرنسية طه حسين ؛ ترجمة محمد عبدالله عنان ؛ تصدير محمد صابر عرب
250 _aط.2
260 _aالقاهرة :
_bمطبعة دار الكتب و الوثائق القومية بالقاهرة ،
_c2006 .
300 _a184 ص. ؛
_c24 سم.
600 0 _aابن خلدون
650 0 7 _2qrmak
_aالحياة البدوية
650 0 7 _2qrmak
_aالخلافة
651 _2qrmak
700 0 _aمحمد عبدالله عنان
_eمترجم
700 0 _aمحمد صابر عرب
_eمصدر
942 _2ddc
_cBK